Strategie pro čas globalizace

Globalizácia hospodárstva ako hlavný dôvod nevyhnutnosti upustiť od tradičných podnikových koncepcií. Kríza strategického plánovania a kríza tradičného manažérskeho účtovníctva. Nové chápanie podnikovej stratégie.

Salvato in:
Dettagli Bibliografici
Autore principale: Matějka, Milan
Natura: Capitolo di libro
Lingua:ceco
Soggetti:
Tags: Aggiungi Tag
Nessun Tag, puoi essere il primo ad aggiungerne!!

MARC

LEADER 00000naa a2200000 4500
001 r032675
005 20230920095249.5
041 0 |a cze 
044 |a CZ 
245 1 0 |a Strategie pro čas globalizace  |c Milan Matějka 
520 |a Globalizácia hospodárstva ako hlavný dôvod nevyhnutnosti upustiť od tradičných podnikových koncepcií. Kríza strategického plánovania a kríza tradičného manažérskeho účtovníctva. Nové chápanie podnikovej stratégie. 
610 2 0 |a globalizácia hospodárstva 
610 2 0 |a plánovanie podnikové 
610 2 0 |a plánovanie strategické 
610 2 0 |a prognózovanie 
610 2 0 |a účtovníctvo manažérske 
610 2 0 |a vedomosti 
610 2 0 |a manažment štíhly 
610 2 0 |a kooperácia 
100 1 |a Matějka, Milan